000 00737nam a2200253 i 4500
001 10978
003 ES-MaACL
005 20250825003420.0
007 t|
008 940929s1993 sp a |||| | cat j
020 _a84-307-8439-X
080 _a849.9-392"14"
245 0 0 _aCurial e Güelfa /
_canònim ; versió a cura de Jaume Turró.
250 _a1ª ed.
260 _aBarcelona :
_bTeide,
_c1993.
300 _a131 p. :
_bil. ;
_c22 cm.
490 1 _aTria de cláassics ;
_v9
504 _aBibliografía: p. 131.
650 7 _aLibros de caballería españoles
_2embne
_914448
700 1 _aTurró, Jaume.
_9111757
830 0 _aTria de cláassics ;
_v9
_9178846
852 _aES-MaACL
_jL-18263
999 _c10978
_d10978